| Registos Bibliográficos associados ao registo de autoridade |
|
Etiqueta de registo: 00000nam 2200025 450 001 2275882 003 http://id.bnportugal.gov.pt/bib/catbnp/2275882 100 ## $a20260304d2023 k y0pory01030103ba 101 0# $aeng$dpor 102 ## $aPT 105 ## $aa m 000yy 106 ## $ar 200 1# $aIntegration of BIM in Building Sustainability Assessment methods$fJosé Pedro Almeida Carvalho$gorient. Luís Bragança, Ricardo Mateus 210 #9 $a[S.l.$cs.n.],$d2023 215 ## $aXIX, 267 p.$d30 cm 328 #1 $aTese dout. Engenharia Civil, Escola de Engenharia, Universidade do Minho, 2023 675 ## $a699.8(043)$vBN$zpor$31250841 675 ## $a72.012(043)$vBN$zpor$31252696 700 #1 $aCarvalho,$bJosé Pedro Almeida$31988981 702 #1 $aBragança,$bLuís$4727$31013785 702 #1 $aMateus,$bRicardo,$f1978-$4727$31255495 801 #0 $aPT$bBN$gRPC 856 40 $2Cópia digital disponível no RepositóriUM - Universidade do Minho$uhttps://hdl.handle.net/1822/85253 966 ## $lBN$mFGMON$sS.A. 193631 V.$x1 971 ## $corlando$d20260304 972 ## $e0$z0$d20260422$vlrevez 973 ## $cigoulao$d20260417
|
|
|